Vývoj odborného školstva na Slovensku (Dejiny Lesníckej školy v Liptovskom Hrádku)

Gespeichert in:
Bibliographische Detailangaben
1. Verfasser: Pagáčová, Anna, 1964- (Verfasst von)
Weitere Verfasser: Kips, Milan, 1944- (Betreuung Doktorarbeit)
Format: Manuskript Buch
Sprache:Slowakisch
Veröffentlicht: STU v Bratislave MTF UIPH, 2010
Online-Zugang:VAIS
Tags: Tag hinzufügen
Keine Tags, Fügen Sie das erste Tag hinzu!

MARC

LEADER 00000ntm a22000003a 4500
001 stu208104
005 20160719160321.5
008 100722s2010------------------------slo-d
040 |a STU  |b slo 
041 0 |a slo 
100 1 |a Pagáčová, Anna,  |d 1964-  |4 aut  |X 57553  |7 A000057553 
242 0 0 |a  Development of vocattional school system in Slovakia ( History of Forestry school in Liptovský Hrádok  |y eng 
245 1 |a Vývoj odborného školstva na Slovensku (Dejiny Lesníckej školy v Liptovskom Hrádku) 
260 |b STU v Bratislave MTF UIPH,  |c 2010 
700 1 |a Kips, Milan,  |d 1944-  |4 ths  |u M220  |U MTF Ústav inžinierskej pedagogiky a humatitných vied  |T MTF Katedra inžinierskej pedagogiky a psychológie  |X 53229  |U M220  |Y M220  |7 A000053229 
856 4 |a info a plný text  |u http://is.stuba.sk/zp/portal_zp.pl?podrobnosti=58825  |3 VAIS 
996 |c M*DP-9608  |l MMSKP  |s P  |a 0  |w stu208104_0001